000 00674nam a22002057a 4500
005 20130610154631.0
010 _aENG-107294
020 _a9788192465135
_c1095.00
035 _aEN-90827
037 _bDBAD/PUB
082 _a631.521
100 _aChaman Lal
245 _aSeed production and organic farming /
_cby Chaman Lal [and] Satendra Yadav
260 _aNew Delhi
_bDPS Publishing House
_c2013
270 _a4598/12B,Gole Cottage,Ansari Road, Darya Ganj
_bDelhi
_e110002
300 _a264p.
_c22cm(Hb)
500 _aIncludes bibliographical references and index
700 _dYadav, Satendra
_aYadav, Satendra
942 _2ddc
_cEN
_h631.521
_mCHA
999 _c76134
_d76134